000 00408nam a2200145Ia 4500
008 240729s9999 xx 000 0 und d
022 _a2059-8661
245 0 _aJournal of Clinical and Translational Science
260 _aUnited Kingdom
260 _bCambridge University Press
650 _aMedicine
856 _uhttps://doaj.org/toc/da3f4fdbfde94c97b325936bc51f7775
942 _2ddc
942 _cDOAJEJ
999 _c67608
_d67608
945 _a1
_bMadushi Gamage
_c1
_dMadushi Gamage